Fire precautions (Record no. 68097)

MARC details
000 -LEADER
fixed length control field 01278cam a2200241 4500
001 - CONTROL NUMBER
control field WB3732-22
008 - FIXED-LENGTH DATA ELEMENTS--GENERAL INFORMATION
fixed length control field 010828n2001 000 0 eng u
035 ## - SYSTEM CONTROL NUMBER
System control number (Sirsi) u114356
245 ## - TITLE STATEMENT
Title Fire precautions
260 ## - PUBLICATION, DISTRIBUTION, ETC.
Date of publication, distribution, etc. 2001
490 ## - SERIES STATEMENT
Series statement Estates Gazette
Volume/sequential designation [2001] 33 EG 86 (CS) (18/8/01)
520 ## - SUMMARY, ETC.
Summary, etc. "City Logistics Ltd v Northamptonshire County Fire Officer" CA 25 July 2001. Concerned the serving of a notice by the fire officer (B), under Fire Precautions Act 1971 s5(4), requiring the tenant (A) of a warehouse in Northampton to install an expensive sprinkler system in order to obtain a fire certificate. A appealed against the notice, claiming it was not valid. Held: The appeal was allowed. Full copy of judgment available on http://porch.ccta.gov.uk/courtser/judgements.nsf/Search/A2D3879206C3610080256A96003C9396?OpenDocument
590 ## - LOCAL NOTE (RLIN)
Local note WB
650 ## - SUBJECT ADDED ENTRY--TOPICAL TERM
Topical term or geographic name entry element CITY LOGISTICS LTD V NORTHAMPTONSHIRE COUNTY FIRE OFFICER
650 ## - SUBJECT ADDED ENTRY--TOPICAL TERM
Topical term or geographic name entry element FIRE CERTIFICATES
650 ## - SUBJECT ADDED ENTRY--TOPICAL TERM
Topical term or geographic name entry element FIRE PRECAUTIONS ACT 1971 S5(4)
650 ## - SUBJECT ADDED ENTRY--TOPICAL TERM
Topical term or geographic name entry element FIRE STANDARDS
650 ## - SUBJECT ADDED ENTRY--TOPICAL TERM
Topical term or geographic name entry element FIRE PRECAUTIONS
650 ## - SUBJECT ADDED ENTRY--TOPICAL TERM
Topical term or geographic name entry element SPRINKLERS
690 ## - LOCAL SUBJECT ADDED ENTRY--TOPICAL TERM (OCLC, RLIN)
Topical term or geographic name as entry element Health and safety
9 (RLIN) 6244
856 ## - ELECTRONIC LOCATION AND ACCESS
Uniform Resource Identifier <a href="https://porch.ccta.gov.uk/courtser/judgements.nsf/Search/A2D3879206C3610080256A96003C9396?OpenDocument">https://porch.ccta.gov.uk/courtser/judgements.nsf/Search/A2D3879206C3610080256A96003C9396?OpenDocument</a>
942 ## - ADDED ENTRY ELEMENTS (KOHA)
Suppress in OPAC 0
Holdings
Withdrawn status Lost status Source of classification or shelving scheme Damaged status Not for loan Home library Current library Shelving location Date acquired Total Checkouts Full call number Barcode Date last seen Copy number Price effective from Koha item type
    Dewey Decimal Classification     London London News article 28/08/2001   WB3732-22 114356-1001 06/08/2019 1 06/08/2019 Law report